Parliamentary versus presidential government (Record no. 153)

MARC details
000 -LEADER
fixed length control field 00463nam a2200169Ia 4500
008 - FIXED-LENGTH DATA ELEMENTS--GENERAL INFORMATION
fixed length control field 240428s9999||||xx |||||||||||||| ||und||
020 ## - INTERNATIONAL STANDARD BOOK NUMBER
International Standard Book Number 0198780443
041 ## - LANGUAGE CODE
Language code of text/sound track or separate title eng
082 ## - DEWEY DECIMAL CLASSIFICATION NUMBER
Classification number 320.3P
100 ## - MAIN ENTRY--PERSONAL NAME
Personal name Lijphart, Arend (ed)
245 #0 - TITLE STATEMENT
Title Parliamentary versus presidential government
260 ## - PUBLICATION, DISTRIBUTION, ETC.
Name of publisher, distributor, etc. Oxford University Press
Place of publication, distribution, etc. New York :
Date of publication, distribution, etc. 1992
300 ## - PHYSICAL DESCRIPTION
Extent xii, 257p.: tabs.;
650 ## - SUBJECT ADDED ENTRY--TOPICAL TERM
Topical term or geographic name entry element Comparative Government - Democratic System
942 ## - ADDED ENTRY ELEMENTS (KOHA)
Koha item type Books
Holdings
Withdrawn status Lost status Damaged status Not for loan Home library Current library Shelving location Date acquired Total checkouts Full call number Date last seen Copy number Price effective from Koha item type
        Main Library Main Library Open Shelves 09/08/2021   320.3P 795 C1 29/04/2024 1 29/04/2024 Books
©2026  Parliament of Ghana Library - All rights reserved